আমরা কি এই বাঙলাদেশ চেয়েছিলাম / (Record no. 5969)
[ view plain ]
| 000 -LEADER | |
|---|---|
| fixed length control field | 00667nam a22001817a 4500 |
| 003 - CONTROL NUMBER IDENTIFIER | |
| control field | BUBTL |
| 008 - FIXED-LENGTH DATA ELEMENTS--GENERAL INFORMATION | |
| fixed length control field | 190410b xxu||||| |||| 00| 0 eng d |
| 020 ## - INTERNATIONAL STANDARD BOOK NUMBER | |
| International Standard Book Number | 987-984-401-736-8 |
| 082 ## - DEWEY DECIMAL CLASSIFICATION NUMBER | |
| Classification number | 954.92 / AZA |
| 100 ## - MAIN ENTRY--PERSONAL NAME | |
| 9 (RLIN) | 2272 |
| Personal name | আজাদ, হুমায়ুন |
| 245 ## - TITLE STATEMENT | |
| Title | আমরা কি এই বাঙলাদেশ চেয়েছিলাম / |
| Statement of responsibility, etc. | হুমায়ুন আজাদ |
| 260 ## - PUBLICATION, DISTRIBUTION, ETC. (IMPRINT) | |
| Place of publication, distribution, etc. | ঢাকা : |
| Name of publisher, distributor, etc. | আগামী প্রকাশনী, |
| Date of publication, distribution, etc. | c2003 |
| 300 ## - PHYSICAL DESCRIPTION | |
| Extent | 120 p. : |
| Dimensions | 22 cm. |
| 650 #0 - SUBJECT ADDED ENTRY--TOPICAL TERM | |
| 9 (RLIN) | 1755 |
| Topical term or geographic name as entry element | মুক্তিযুদ্ধ |
| 856 ## - ELECTRONIC LOCATION AND ACCESS | |
| Password | 0 |
| Logon | 0 |
| Link text | Download |
| 942 ## - ADDED ENTRY ELEMENTS (KOHA) | |
| Source of classification or shelving scheme | |
| Koha item type | Books |
| Withdrawn status | Lost status | Source of classification or shelving scheme | Damaged status | Not for loan | Collection code | Permanent location | Current location | Shelving location | Date acquired | Inventory number | Total Checkouts | Total Renewals | Full call number | Barcode | Date last seen | Date last checked out | Copy number | Price effective from | Koha item type |
|---|---|---|---|---|---|---|---|---|---|---|---|---|---|---|---|---|---|---|---|
| Fiction | Bangladesh University of Business and Technology Library | Bangladesh University of Business and Technology Library | Fiction | 04/18/2014 | 17355 | 2 | 2 | 954.92 / AZA | BUBTL-200317355 | 02/11/2021 | 12/09/2020 | C-1 | 04/10/2019 | Books |
